000 01297cam a22003734i 4500
003 PE-LiUPU
005 20250731183357.0
008 150617s r 000 0 d
035 _a(Sirsi) a20022
040 _aPE-LiUPU
_bspa
_cPE-LiUPU
_erda
049 _aPRUA
082 0 4 _a738.3985
_bS73
_221
100 1 _aSpahni, Jean-Christian,
_eautor.
245 1 3 _aLa cerámica popular del Perú /
_cJean-Christian Spahni.
264 1 _aLima :
_bPeruano Suiza,
_c1966.
300 _a131 páginas mapa,, ;
_c20 cm
336 _atext
_2rdacontent
337 _aunmediated
_2rdamedia
338 _avolume
_2rdacarrier
505 0 _aLa cerámica popular en el Perú.
526 _aP158
526 _aP146
526 _aP17
526 _aP12
526 _aP06
650 0 4 _aCerámica popular
_zPerú
_ySiglo XX.
910 _ajck
_bjvq
_cjck
_d20150616
942 _2ddc
_cBOOK
949 _a738.3985 S73
_wDEWEY
_c1
_i14962
_lCCODEBUL1
_mBUL
_p00.00
_r0
_sY
_tBOOK
_u19770308
_xBIBLIOTECA
_zUNKNOWN
_0COMPRA
_o.STAFF. Colección General
994 _aC0
_bPEPRU
596 _a1
999 _a738.3985 S73
_wDEWEY
_c19893
_i14962
_f2021-11-5
_g7
_lCCODEBUL1
_mBUL
_r0
_sY
_tBOOK
_u2015-6-17
_xBIBLIOTECA
_zUNKNOWN
_0COMPRA
_o.STAFF. Colección General
_d19893
980 _81
_gALBERTO SANCHEZ Responsable de Automatización